Statistics for NHL Hockey Conn Smythe Trophy Winners

Click here to take the quiz!

General Stats

  • This quiz has been taken 5,564 times
    (864 since last reset)
  • The average score is 24 of 51

Answer Stats

YearsPlayer% Correct
2016, 2017Sidney Crosby
95%
2018Alexander Ovechkin
89%
1985, 1988Wayne Gretzky
89%
2013Patrick Kane
87%
2010Jonathan Toews
81%
2021Andrei Vasilevskiy
77%
2022Cale Makar
77%
2009Evgeni Malkin
77%
1991, 1992Mario Lemieux
76%
2023Jonathan Marchessault
72%
2012Jonathan Quick
72%
2020Victor Hedman
72%
1984Mark Messier
70%
1995Claude Lemieux
68%
1986, 1993, 2001Patrick Roy
68%
2019Ryan O'Reilly
65%
2011Tim Thomas
64%
2015Duncan Keith
62%
1996Joe Sakic
61%
1998Steve Yzerman
59%
1970, 1972Bobby Orr
57%
1977Guy Lafleur
54%
1982Mike Bossy
52%
2002Nicklas Lidstrom
50%
2008Henrik Zetterberg
49%
2014Justin Williams
45%
2007Scott Niedermayer
43%
1980Bryan Trottier
42%
2000Scott Stevens
42%
1983Billy Smith
41%
2006Cam Ward
41%
2003Jean-Sebastien Giguere
41%
2004Brad Richards
33%
1994Brian Leetch
33%
1965Jean Beliveau
33%
1971Ken Dryden
31%
1999Joe Nieuwendyk
26%
1987Ron Hextall
26%
1978Larry Robinson
25%
1997Mike Vernon
25%
1989Al MacInnis
23%
1974, 1975Bernie Parent
21%
1969Serge Savard
19%
1973Yvan Cournoyer
18%
1990Bill Ranford
17%
1968Glenn Hall
17%
1979Bob Gainey
15%
1981Butch Goring
14%
1967Dave Keon
13%
1976Reggie Leach
13%
1966Roger Crozier
7%

Score Distribution

Percentile by Number Answered

Percent of People with Each Score

Your Score History

You have not taken this quiz since the last reset